00512nam a2200169 a 450000100100000000500170001000800410002702000160006804000250008408200210010910000260013024500560015625000110021226000540022330000330027750400320031000002863020200930055039.0110411s2006 dr a 000 0 spa d z99945002089 aDO-SdBNPbspacBNPHU axxxbR893a, 20061 aRozas Aristy, Eduardo10aArquitectura y creatividad /cEduardo Rozas Aristy. a2a ed. aSanto Domingo :bEditora Universitaria,c[2006?]. avii, 271 p. :bil. ;c28 cm. aBibliografía : p. 270-271